000 00541nam a2200217Ia 4500
003 OSt
005 20220924133811.0
006 a|||||r|||| 00| 0
007 ta
008 220923b |||||||| |||| 00| 0 snd d
024 _a269005
037 _cTextual
040 _aARTS
_cARTS
_bsnd
041 _2snd
_asnd
082 _aO1593,2NKH<AA, L6
100 _aKhatwani Krishin
_9207393
245 0 _aMshivano
260 _c1976
942 _hO1593,2NKH<AA, L6
_cTEXL
_2CC
999 _c435282
_d435282